1715 1421 1513 1616 1407 1147 1127 1605 1127 1402 1883 1079 1382 1207 1887 1376 1535 1637 1479 1183 1447 1099 1280 1548 1782 1174 1974 1138 1498 1938 1912 1986 1110 1493 1876 1476 1008 1899 1280 1695 1396 1727 1122 1724 1210 1004 1975 1569 1613 1674 1740 1812 1725 1035 1156 1067 1600 1922 1659 1342 1306 1992 1337 1365 1623 1438 1188 1109 1961 1918 1876 1669 1779 1197 1235 1306 1887 1823 1858 1173 1226 1842 1862 1327 1096 1938 1230 1447 1197 1446 1184 1975 1050 1295 1985 1388 1080 1625 1181 BCNSPRNW ULIB Ver.6.0+V

เปลี่ยนเป็นภาษาไทย

Change to English
 แสดงรายละเอียดบรรณานุกรม
  กลับหน้าหลัก

Brief Record : Get Marc (ISO 2709) : E-mail record : QR code < ปิดหน้าต่าง
LEADER : 00000nam 2200000uu 4500
001    13399121170
003     ULIB
008    121107s2551||||th 000 0 tha d
020    ^a9744510102 :^c150 บาท
050  4 ^aLB1051^bส858จ
100 0   ^aวรรณี ลิมอักษร
245 1  ^aจิตวิทยาการศึกษา =^bEducational psychology /^cวรรณี ลิมอักษร.
250    ^aพิมพ์ครั้งที่ 4 ฉบับปรับปรุง
260    ^aสงขลา :^bภาควิชาจิตวิทยาและการแนะแนว คณะศึกษาศาสตร์ มหาวิทยาลัยทักษิณ, 2551.
300    ^a155 หน้า :^bภาพประกอบ.
650    ^aจิตวิทยาการศึกษา.
710 2   ^aมหาวิทยาลัยทักษิณ.^bคณะศึกษาศาสตร์.^bภาควิชาจิตวิทยาและการแนะแนว.
913    ^aImported by ULIBM Administrator
945    ^p150^l0^i15184
949    ^aImport form external file by ULIBM system
999    ^aวิภา
รายการนี้ยังไม่มีแท็ก
คุณยังไม่ได้ล็อกอิน คุณสามารถมีกิจกรรมร่วมกับเว็บไซต์ได้ แต่ต้องล็อกอินก่อน ::
  ล็อกอิน

รายการสื่อสารสนเทศ

ลำดับที่ ประเภท เลขเรียก/บาร์โค้ด สถานที่ สถานะ
1. วิทยาศาสตร์การแพทย์ และสุขภาพ
วิทยาศาสตร์การแพทย์ และสุขภาพ
LB1051 ส858จ  
  Barcode: 15184
ห้องสมุดวิทยาเขตสวรรค์ประชารักษ์
►หนังสือทั่วไป
บนชั้น

รายการใกล้เคียง
    ผู้แต่ง [วรรณี ลิมอักษร]

    หัวเรื่อง [จิตวิทยาการศึกษา.]

BibComment


ยังไม่เคยถูกคอมเมนท์

คอมเมนท์ทรัพยากรรายการนี้
  คอมเมนท์: จิตวิทยาการศึกษา..


 Copyright 2026. Bcnsprnw @Library